Statistics for List of Skills in Heroes III of Might and Magic (game)

Click here to take the quiz!

General Stats

  • This quiz has been taken 167 times
  • The average score is 21 of 28

Answer Stats

GenreHintAnswer% Correct
Combat skillsShoot!Archery
96%
Magic skillsOne of the four magic schoolsFire Magic
94%
Magic skillsOne of the four magic schoolsWater Magic
94%
Magic skillsOne of the four magic schoolsAir Magic
93%
Magic skillsOne of the four magic schoolsEarth Magic
93%
Adventure skillsI go furtherLogistics
89%
Adventure skillsBad terrain? No problem.Pathfinding
82%
Combat skillsLemme arrange firstTactics
82%
Adventure skillsHow about surrendering?Diplomacy
80%
Magic skillsLearn the top-level spellsWIsdom
79%
Magic skillsLearning by seeingEagle Eye
78%
Adventure skillsSail furtherNavigation
78%
Combat skillsHand-to-hand combatOffense
78%
Adventure skillsExtra experienceLearning
77%
Combat skillsDemolishing castle wallsBallistics
73%
Combat skillsStrike stronger than usual!Luck
73%
Combat skillsHigh moraleLeadership
72%
Combat skillsRecover hit pointsFirst Aid
71%
Adventure skillsBack from deathNecromancy
71%
Combat skillsShielding from magic spellsResistance
71%
Adventure skillsIncrease visibilityScouting
71%
Magic skillsMaximana...Intelligence
70%
Adventure skillsExtra incomeEstates
67%
Magic skillsExchanging magic knowledgeScholar
66%
Combat skillsShielding from strikesArmourer
63%
Combat skillsMachinery shotsArtillery
62%
Magic skillsMore magic damageSorcery
62%
Magic skillsRegenerate manaMysticism
52%

Score Distribution

Percentile by Number Answered

Percent of People with Each Score

Your Score History

You have not taken this quiz